Lecciones en estrategia. Hacia una gestión de excelencia

Gardado en:
Detalles Bibliográficos
Autor Principal: Hax, Arnoldo C (Author)
Outros autores: Majluf Sapag, Nicolás Sergio (autor)
Formato: Libro
Idioma:Lingua castelá
Publicado: Santiago, Chile. Ediciones Universidad Católica, 2014
Edición:Primera edición
Subjects:
Acceso en liña:Disponible Online
Tags: Engadir etiqueta
Sen Etiquetas, Sexa o primeiro en etiquetar este rexistro!

MARC

LEADER 00000cam a2200000 a 4500
001 UCE5310
003 CL-VaPUC
005 20211026090428.0
008 141218e20140900cl |||||||||||||||||spa|d
999 |c 358061  |d 358059 
020 |a 9789561414693 
040 |c Pontificia Universidad Católica de Valparaíso 
082 0 4 |a 658.401 HAX 2014  |2 21 
100 |a Hax, Arnoldo C  |e author  |9 578134 
245 1 0 |a Lecciones en estrategia.  |b Hacia una gestión de excelencia 
250 |a Primera edición  
260 |a Santiago, Chile.   |b Ediciones Universidad Católica,  |c 2014 
300 |a 108 páginas  
583 |a last modification  |c 20150115 11:47:50  |k Rodrigo Vera 
650 0 |a Liderazgo  |9 271835 
650 0 |a Planificación estratégica   |9 259735 
650 0 |a Administración del personal  |9 260442 
650 0 |a Toma de decisiones   |9 257530 
700 |a Majluf Sapag, Nicolás Sergio  |e autor  |9 525229 
856 |u http://bibliografiadigital.pucv.cl.pucv.idm.oclc.org/index.php/bibliotecapucv/catalog/book/587  |y Disponible Online  
942 |c BK  |2 ddc 
945 |d 20141218 14:43:00  |a arojas 
952 |0 0  |1 0  |2 ddc  |3 erb  |4 0  |6 658_401000000000000_HAX_2014  |7 0  |8 R  |9 466305  |a BIBENE  |b BIBENE  |i 5130883  |l 3  |o 658.401 HAX 2014  |p 5130883  |r 2025-01-15  |s 2022-10-20  |w 2019-11-23  |y BK  |z Catalogado en:20141218  |k ICO 
952 |0 0  |1 0  |3 erb  |4 0  |6 658_401000000000000_HAX_2014  |7 0  |8 A  |9 466306  |a BIBING  |b BIBING  |d 2019-10-08  |e 65  |g 10150.00  |i 5563585  |l 6  |m 2  |o 658.401 HAX 2014  |p 5563585  |r 2025-01-20  |s 2022-09-06  |v 10150.00  |w 2019-11-23  |y BK  |z Catalogado en:20191010  |k EII 
952 |0 0  |1 0  |2 ddc  |4 0  |6 658_401000000000000_HAX_2014  |7 0  |8 R  |9 578367  |a BIBENE  |b BIBENE  |d 2021-07-06  |i 558597K  |l 3  |o 658.401 HAX 2014  |p 558597K  |r 2025-01-15  |s 2022-08-25  |t 3  |w 2021-07-06  |y BK  |k ICO 
952 |0 0  |1 0  |2 ddc  |4 0  |6 658_401000000000000_HAX_2014  |7 0  |8 R  |9 578368  |a BIBENE  |b BIBENE  |d 2021-07-06  |i 5585988  |l 1  |o 658.401 HAX 2014  |p 5585988  |r 2025-01-15  |s 2023-06-16  |t 4  |w 2021-07-06  |y BK  |k ICO